Statistics for Pop-Up Mystery Categories #3

Click here to take the quiz!

General Stats

  • This quiz has been taken 550 times
  • The average score is 26 of 33

Answer Stats

HintAnswer% Correct
FDOOBell
100%
ACEHFood
99%
BDIRAche
97%
CIKSBird
97%
ABETSick
97%
AGRSSBeat
96%
DEEWGrass
96%
ELSSWeed
96%
BDLOOLess
96%
GLLUBlood
96%
EFLTGull
96%
RRYEBFelt
95%
DEISBerry
92%
BHORTSide
92%
ABDERThrob
87%
ABEKRHorse
77%
EHORSBeard
75%
ACFRTPrint
75%
GINRSTCraft
75%
INPRTBreak
75%
BELOTTString
74%
SEA
70%
EHLLSBottle
68%
AACKTTShell
68%
BENNOTAttack
67%
AERTWBonnet
64%
HEART
62%
BLUE
62%
ADEEISSWater
61%
ACEJKTDisease
39%
HORTWYJacket
39%
AEFILRUWorthy
37%
Failure
33%

Score Distribution

Percentile by Number Answered

Percent of People with Each Score

Your Score History

You have not taken this quiz